000 01699nam a2200397Ia 4500
001 ebr10251376
003 CaPaEBR
006 m u
007 cr cn|||||||||
008 071109s2008 ilua sb 001 0 eng d
010 _z 2007046264
020 _z1567932932
020 _z9781567932935
040 _aCaPaEBR
_cCaPaEBR
035 _a(OCoLC)316824609
050 1 4 _aRA399.A3
_bB53 2008eb
082 0 4 _a362.1068
_222
100 1 _aBlack, John R.
245 1 4 _aThe Toyota way to healthcare excellence
_h[electronic resource] :
_bincrease efficiency and improve quality with Lean /
_cJohn Black with David Miller.
260 _aChicago :
_bHealth Administration Press,
_cc2008.
300 _axiii, 255 p. :
_bill.
490 1 _aAmerican College of Healthcare Executives management series
504 _aIncludes bibliographical references and index.
533 _aElectronic reproduction.
_bPalo Alto, Calif. :
_cebrary,
_d2009.
_nAvailable via World Wide Web.
_nAccess may be limited to ebrary affiliated libraries.
650 0 _aMedical care
_zUnited States
_xQuality control.
650 0 _aMedical care
_zUnited States
_xCost effectiveness.
650 0 _aHealth services administration
_zUnited States.
650 0 _aChief executive officers
_zUnited States.
650 0 _aHospital administrators
_zUnited States.
650 0 _aOrganizational effectiveness
_zUnited States.
655 7 _aElectronic books.
_2local
700 1 _aMiller, David,
_d1944 June 18-
710 2 _aebrary, Inc.
830 0 _aManagement series (Ann Arbor, Mich.)
856 4 0 _uhttp://site.ebrary.com/lib/rucke/Doc?id=10251376
_zAn electronic book accessible through the World Wide Web; click to view
999 _c35826
_d35826